| 000 | 01278nam a22003737a 4500 | ||
|---|---|---|---|
| 003 | CHAP | ||
| 005 | 20220329140458.0 | ||
| 008 | 971013s1950 r 00010 d | ||
| 010 | _a52580 | ||
| 011 | _a53552 | ||
| 035 | _a57702 | ||
| 040 | _cCHAP | ||
| 090 | _aFolleto 3370 | ||
| 100 | 0 | 0 |
_aRosado Espinosa, Humberto. _999878 |
| 245 | _aDistribución y frecuencia de un gene inhibido para el calor de la aleurena en algunos maíces mexicanos | ||
| 260 |
_aChapingo, Méx. : _bENA, _c1950 |
||
| 300 | _a25 p. | ||
| 490 |
_aPublicación técnica _v; 1 |
||
| 590 |
_aBATCH-UPD _b10 _c20130110 _lUCH01 _h0222 |
||
| 590 |
_aBATCH-UPD _b10 _c20130110 _lUCH01 _h1720 |
||
| 590 |
_aBATCH-UPD _b10 _c20130409 _lUCH01 _h2243 |
||
| 590 |
_aBATCH-UPD _b10 _c20130410 _lUCH01 _h1104 |
||
| 590 |
_aBATCH-UPD _b10 _c20130914 _lUCH01 _h1747 |
||
| 590 |
_aCONVERSION _b10 _c20130109 _lUCH01 _h1328 |
||
| 650 | 1 | 4 |
_aMaíz _xColor. _970905 |
| 650 | 1 | 4 |
_aMaíz _xGenética. _970963 |
| 650 | 1 | 4 |
_aMaíz _zMéxico. _971098 |
| 830 | 0 |
_aPublicación técnica _v; 1 _992779 |
|
| 901 | _aBK | ||
| 942 | _cFOLL | ||
| 949 |
_aFolleto 3370 _bBC _cFOLL _d-125453 _eTS2 _fc.2 _i57702 _si |
||
| 949 |
_aFolleto 3370 _bBC _cFOLL _d-125454 _eTS2 _fc.3 _i57702 _si |
||
| 949 |
_aFolleto 3370 _bBC _cUACH _d-125452 _eUACH _i57702 _si |
||
| 999 |
_c52580 _d52580 |
||